Membres des Robins des Bois - Mort subite - Statistiques

Statistiques générales
  • Ce quiz a été pris 91 fois
  • Le résultat moyen est 4 sur 6
Answers on the Grid
Answers color-coded by a green-red scale on the quiz's grid according to % correct below.
Anne Marie Carrière
Bernard Campan
Bernard Mabille
Bruno Carette
Bruno Moynot
Chantal Lauby
Christophe Guybet
Daniel Rabier
Didier Bourdon
Dominique Farrugia
Élise Larnicol
François Rollin
Gérard Jugnot
Jean-Paul Rouve
Josiane Balasko
Julie Victor
Laurent Barat
Marie-Anne Chazel
Marina Foïs
Maurice Barthélemy
Pascal Légitimus
Pascal Vincent
Pierre-François Martin-Laval
Thierry Lhermitte
 
Statistiques - réponses
Réponse % Correct
Jean-Paul Rouve
90%
Marina Foïs
80%
Pierre-François Martin-Laval
70%
Maurice Barthélemy
60%
Élise Larnicol
50%
Pascal Vincent
40%
Aucun quiz correspondant
Distribution des résultats
% des personnes avec chaque résultat
Percentile par nombre de réponses
Votre historique - résultats
Vous n’avez pas pris ce quiz